00470nam a2200157 a 4500008004100000020002200041100002200063245007400085260003900159300003400198650003400232700001900266003000100285005001700286040000900303  z8122403735 (pbk.)1 aChattopadhyay, D.10aElements of physics.nVolume I \cD. Chattopadhyay and P. C. Rakshit. aNew Delhi :bWiley Eastern,c1991. axii, 451 p. :bill. ;c22 cm. 1aPhysics xStudy and teaching. aRakshit, P. C.20230123133637.0 cNUST